Statistics for Eurovision Song Lyrics - Albania

Click here to take the quiz!

General Stats

  • This quiz has been taken 9 times
  • The average score is 58 of 299

Answer Stats

Answer% Correct
(A
56%
A
56%
a
56%
i
56%
44%
44%
ne
44%
ti,
44%
ti
44%
Ti
44%
Do
33%
do
33%
o'
33%
ta
33%
dhon'
22%
dhon')
22%
du'
22%
Du'
22%
e
22%
fal,
22%
je
22%
jo
22%
'ka
22%
ku
22%
Kur
22%
le
22%
22%
ma
22%
22%
me
22%
nuk
22%
(Nuk
22%
Nuk
22%
pa
22%
p'e
22%
për
22%
po
22%
Se
22%
(Se
22%
se
22%
thy'
22%
zemrën
22%
(Zemrën,
22%
Zemrën,
22%
zemrën,
22%
ato
11%
bastard
11%
bëje
11%
biesh
11%
çmendur
11%
Copat
11%
dashni
11%
dashnia
11%
dashuroj
11%
di
11%
dikur
11%
ditë
11%
Eja
11%
eja
11%
(Fale,
11%
fale
11%
Fale
11%
forcë)
11%
forcë
11%
gjak
11%
gjun'
11%
gotën
11%
gurë
11%
helmove
11%
herë
11%
jam
11%
jemi,
11%
Jemi
11%
jemi
11%
jon'
11%
kalon
11%
Kalon,
11%
kalon,
11%
kalume
11%
kap
11%
ke
11%
kërko
11%
ky
11%
litar
11%
mbetet
11%
mbyll
11%
mbysësh
11%
m'i
11%
Mos
11%
mos
11%
Mu'…
11%
Mu'
11%
mu'
11%
ndërtova
11%
n'dorë
11%
n'dorë)
11%
Nëse
11%
Nese
11%
nga
11%
ngjit
11%
një
11%
njo
11%
pak
11%
Pak
11%
pas
11%
prit
11%
11%
rrezik
11%
Rrugën
11%
Sa
11%
sheqer
11%
shkrume)
11%
shkrume
11%
shoh
11%
shpine
11%
shpirt)
11%
shpirt
11%
shpirtin
11%
shtrëngove
11%
Si
11%
si
11%
sill
11%
s'o'
11%
s'po
11%
stacion
11%
Stop
11%
sytë
11%
te
11%
11%
thua
11%
thuaj
11%
time
11%
tretem
11%
ty
11%
Un'
11%
un'
11%
urë
11%
veç
11%
vena
11%
vetëm
11%
vetëm,
11%
veten)
11%
veten
11%
vrasin
11%
zbret
11%
zemër
11%
zemrës
11%
as
0%
Detin
0%
ѕhpirt
0%
merre
0%
0%
t'ma
0%

Score Distribution

Percentile by Number Answered

Percent of People with Each Score

Your Score History

You have not taken this quiz